000 00451nam a2200121Ia 4500
008 220620s9999||||xx |||||||||||||| ||und||
100 _aSchulz, Philipp
245 0 _aMale Survivors of Wartime Sexual Violence
_bPerspectives from Northern Uganda
546 _aEnglish[eng]
650 _aInternational Relations||Sociology
856 _uhttps://library.oapen.org/bitstream/20.500.12657/45695/1/male-survivors-of-wartime-sexual-violence.pdf
942 _cEB
999 _c24505
_d24505